Normal view
MARC view
Entry Topical Term
001 - CONTROL NUMBER
- control field: 80148
003 - CONTROL NUMBER IDENTIFIER
- control field: BI-BuBU
005 - DATE AND TIME OF LATEST TRANSACTION
- control field: 20131019104632.0
008 - FIXED-LENGTH DATA ELEMENTS
- fixed length control field: 131019|||a|||||| | ||| d
040 ## - CATALOGING SOURCE
- Original cataloging agency: BI-BuBU
- Transcribing agency: BI-BuBU
150 ## - HEADING--TOPICAL TERM
- Topical term or geographic name as entry element: VIH/SIDA
- General subdivision: Propagation : Médecine traditionnelle
670 ## - SOURCE DATA FOUND
- Source citation: Work cat.: (BI-BuBU): aut Kandondo, Denise 80146, Médecine traditionnelle et propagation du VIH/SIDA, 2007
670 ## - SOURCE DATA FOUND
- Source citation: Work cat.: (BI-BuBU): aut Kandondo, Denise 80146, Médecine traditionnelle et propagation du VIH/SIDA, 2007